Southville International School and Colleges
Your cart is empty.
  • Cart
  • Lists
    Public lists Eva Luna New books Lux_list list_1
    Your lists Log in to create your own lists
  • Log in to your account
  • Your cookies
  • Search history
Southville International School and Colleges
  • Advanced search
  • Recent comments
  • Most popular
  • Libraries

Log in to your account

Log in with GOOGLE


If you do not have an external account, but do have a local account, you can still log in:

  1. Home
  2. MARC view: Clem's chances /
Normal view MARC view ISBD view

Clem's chances / (Record no. 33579)

[ view plain ]
MARC details
000 -LEADER
fixed length control field 01244cam a2200373 a 4500
001 - CONTROL NUMBER
control field 12266668
003 - CONTROL NUMBER IDENTIFIER
control field OSt
005 - DATE AND TIME OF LATEST TRANSACTION
control field 20140310184318.0
008 - FIXED-LENGTH DATA ELEMENTS--GENERAL INFORMATION
fixed length control field 001228s2001 nyu c 000 1 eng
010 ## - LIBRARY OF CONGRESS CONTROL NUMBER
LC control number 00140086
020 ## - INTERNATIONAL STANDARD BOOK NUMBER
International Standard Book Number 0439440548 (alk. paper)
040 ## - CATALOGING SOURCE
Original cataloging agency DLC
Transcribing agency DLC
Modifying agency DLC
042 ## - AUTHENTICATION CODE
Authentication code lcac
050 00 - LIBRARY OF CONGRESS CALL NUMBER
Classification number PZ 7
Item number .L58 2002
100 1# - MAIN ENTRY--PERSONAL NAME
Personal name Levitin, Sonia,
Dates associated with a name 1934-
9 (RLIN) 23504
245 10 - TITLE STATEMENT
Title Clem's chances /
Statement of responsibility, etc Sonia Levitin.
250 ## - EDITION STATEMENT
Edition statement 1st ed.
260 ## - PUBLICATION, DISTRIBUTION, ETC. (IMPRINT)
Place of publication, distribution, etc New York :
Name of publisher, distributor, etc Orchard Books,
Date of publication, distribution, etc 2002.
300 ## - PHYSICAL DESCRIPTION
Extent 199 p. ; :
Dimensions 22 cm.
521 ## - TARGET AUDIENCE NOTE
Target audience note
526 ## - STUDY PROGRAM INFORMATION NOTE
Reading level 770
650 #0 - SUBJECT ADDED ENTRY--TOPICAL TERM
Topical term or geographic name as entry element Overland journeys to the Pacific
Form subdivision Juvenile fiction.
9 (RLIN) 23505
650 #1 - SUBJECT ADDED ENTRY--TOPICAL TERM
Topical term or geographic name as entry element Overland journeys to the Pacific
Form subdivision Fiction.
9 (RLIN) 23506
650 #1 - SUBJECT ADDED ENTRY--TOPICAL TERM
Topical term or geographic name as entry element Frontier and pioneer life
Form subdivision Fiction.
9 (RLIN) 23507
650 #1 - SUBJECT ADDED ENTRY--TOPICAL TERM
Topical term or geographic name as entry element Pony express
Form subdivision Fiction.
9 (RLIN) 23508
650 #1 - SUBJECT ADDED ENTRY--TOPICAL TERM
Topical term or geographic name as entry element Slavery
Form subdivision Fiction.
9 (RLIN) 23509
650 #1 - SUBJECT ADDED ENTRY--TOPICAL TERM
Topical term or geographic name as entry element Mormons
Form subdivision Fiction.
9 (RLIN) 23510
651 #1 - SUBJECT ADDED ENTRY--GEOGRAPHIC NAME
Geographic name West (U.S.)
Form subdivision Fiction.
9 (RLIN) 23511
906 ## - LOCAL DATA ELEMENT F, LDF (RLIN)
a 7
b cbc
c orignew
d 1
e ocip
f 20
g y-gencatlg
942 ## - ADDED ENTRY ELEMENTS (KOHA)
Source of classification or shelving scheme Library of Congress Classification
Koha item type
Holdings
Withdrawn status Lost status Source of classification or shelving scheme Damaged status Home library Current library Shelving location Date acquired Total Checkouts Full call number Barcode Date last seen Copy number Price effective from Koha item type
    Library of Congress Classification   Luxembourg Library Luxembourg Library Scholastic Reading Center Section 10/03/2013   PZ 7 .L58 2002 LEX0564 04/18/2017 1 10/03/2013 Books
    Library of Congress Classification   Luxembourg Library Luxembourg Library Scholastic Reading Center Section 10/03/2013   PZ 7 .L58 2002 LEX0687 04/18/2017 2 10/03/2013 Books

Clem's chances /

APA

Levitin S., . (2002). Clem's chances. New York: Orchard Books.

Chicago

Levitin Sonia, . 2002. Clem's chances. New York: Orchard Books.

Harvard

Levitin S., . (2002). Clem's chances. New York: Orchard Books.

MLA

Levitin Sonia, . Clem's chances. New York: Orchard Books. 2002.

  • Place hold
  • Print
  • Cite
  • Add to your cart (remove)
  • Save record
    BIBTEX Dublin Core MARCXML MARC (non-Unicode/MARC-8) MARC (Unicode/UTF-8) MARC (Unicode/UTF-8, Standard) MODS (XML) RIS
  • More searches
    Search for this title in:
    Other Libraries (WorldCat) Other Databases (Google Scholar) Online Stores (Bookfinder.com) Open Library (openlibrary.org)

Exporting to Dublin Core...

SOUTHVILLE LIBRARY

Southville International School and Colleges Library

1281 Tropical Ave. Cor. Luxembourg St., BF Homes International, Las Pinas City

Tel. No. 8256374 / 252358 Loc. 117/146

Powered by Koha